Najpopularniejsi raperzy w tym tygodniu . 26.03-01.04 - Statystyki

Ogólne statystyki
  • Ten quiz został rozwiązany 24 razy
  • Średni wynik to 8 z 15
Statystyki odpowiedzi
Miejsce w poprzednim tygodniu Wyświetlenia Raper % Poprawnych
#22 6.69M Mata
91%
#2 5.31M Bedoes
78%
#10 2.77M Kizo
78%
#1 5.80M Sobel
74%
#6 3.19M Żabson
74%
#11 2.76M Quebonafide
70%
#3 4.30M Guzior
57%
#5 3.66M Szpaku
57%
#15 2.82M Kabe
52%
#9 4.10M Paluch
48%
#7 3.27M Kali
43%
#4 3.68M Tymek
43%
#13 3.09M Kubańczyk
26%
#23 2.83M Kukon
22%
#8 3.17M Major SPZ
17%
Nie znaleziono quizów pasujących do podanych kryteriów
Rozkład punktacji
Procent ludzi z każdym wynikiem
Percentyl według liczby udzielonych odpowiedzi
Twoja historia wyników
Nie rozwiązałeś tego quizu